00537 2200205 4500001002100000005001500021035002000036245006700056100001800123250000600141300003500147260003900182082001000221084001600231020002200247650001100269990001700280990001700297990001700314INLIS00000000000117820190516124522 a0010-05190000691 aBerlaku Adil dan Kasih Sayang Terhadap Sesama /cKartono, S.Pd0 aKartono, S.Pd a- aiv, 60 hlm. :bilus. ;c25 cm. aSemarang :bPT sindur Press,c2010 a297.5 a297.5 KAR b a978-979-9107-76-3 aAkhlak a04266/P/2018 a04266/P/2018 a04645/P/2018